लोड हो रहा है...

America /

ग्रंथसूची विवरण
मुख्य लेखक: Nevins, Allan
अन्य लेखक: Commager, Henry Steele
भाषा:Undetermined
प्रकाशित: 1943
LEADER 00387nam a2200133Ia 4500
001 98970
008 170722s9999 xx 000 0 und d
100 |a Nevins, Allan 
245 |a America / 
260 |c 1943 
700 |a Commager, Henry Steele 
942 |c GEN 
999 |c 17057  |d 17057 
952 |0 0  |1 0  |4 0  |6 V_731_N4_H23  |7 0  |8 LC1  |9 20273  |a LIB  |b LIB  |d 2017-08-12  |o V73:1.N4 H23  |p 35306  |r 2017-08-12  |w 2017-08-12  |y GEN